No intervención en Nicaragua
Guardat en:
| Format: | Text |
|---|---|
| Matèries: | |
| Etiquetes: |
Afegir etiqueta
Sense etiquetes, Sigues el primer a etiquetar aquest registre!
|
MARC
| LEADER | 00000 a a2200000 04500 | ||
|---|---|---|---|
| 001 | 17857 | ||
| 003 | |||
| 040 | |||
| 245 | |a No intervención en Nicaragua | ||
| 650 | |a RELACIONES EXTERIORES | ||
| 650 | |a INTERVENCION EXTRANJERA | ||
| 650 | |a NICARAGUA | ||
| 773 | |g volumen 3, número 26. (1979), páginas 201-202 | ||
| 999 | |c 20770 |d 20770 | ||
| 773 | 0 | |0 42391 |9 3997 |a Agencia Latinoamericana de Información, ALAI |d Quito, Ecuador: ALAI |o 03882 |t ALAI: |x 08275564 (Servicio mensual de información y documentación) | |
